|
|
|
|
| LEADER |
01175nam a2200289 u 4500 |
| 001 |
10023132 |
| 003 |
upatras |
| 005 |
20210117205736.0 |
| 008 |
990123s1997 uk eng |
| 020 |
|
|
|a 1858983320
|
| 040 |
|
|
|a GR-PaULI
|c GR-PaULI
|
| 041 |
0 |
|
|a eng
|
| 082 |
0 |
4 |
|a 363.7
|
| 100 |
1 |
|
|a Ξεπαπαδέας, Τάσος Ηλ.
|9 42324
|
| 245 |
1 |
0 |
|a Advanced principles in environmental policy
|c Anastasios Xepapadeas
|
| 260 |
|
|
|a Cheltenham, UK
|a Northampton, MA
|b Eldgar Elgar
|c 1997
|
| 300 |
|
|
|a xiii, 321 p.
|b fig.
|c 24 cm.
|
| 490 |
0 |
|
|a New horizons in environmental economics
|
| 504 |
|
|
|a Includes bibliographical references and index
|
| 650 |
|
4 |
|a Περιβαλλοντική πολιτική
|9 2540
|
| 650 |
|
4 |
|a Περιβάλλον
|x Οικονομία
|9 833
|
| 760 |
1 |
|
|a New horizons in environmental economics
|
| 852 |
|
|
|a GR-PaULI
|b ΠΑΤΡΑ
|b ΒΚΠ
|k ΑΣΧΞ
|h 363.7 ΧEP
|m 044787
|p 025000057365
|t 1
|
| 942 |
|
|
|2 ddc
|c BK15
|
| 952 |
|
|
|0 0
|1 0
|4 0
|6 363_700000000000000_ΧEP
|7 0
|9 189246
|a LISP
|b LISP
|d 2016-04-24
|i 044787
|l 0
|o 363.7 ΧEP
|p 025000057365
|r 2016-04-24 00:00:00
|t 1
|w 2016-04-24
|y BK15
|
| 998 |
|
|
|c ΠΑΝΑΓΟΠΟΥΛΟΥ
|d 1999-07
|
| 999 |
|
|
|c 116577
|d 116577
|